| 000 | 00774nam a2200217 i 4500 | ||
|---|---|---|---|
| 001 | bg | ||
| 100 | 1 | _aGŁOWIŃSKI, Józef | |
| 245 | 0 |
_aPiroliza i utleniająca piroliza metanu / _cJózef Głowiński, Mieczysław Seweryniak. |
|
| 260 |
_aWrocław : _bWydawn. Polit. Wrocł., _c1975. |
||
| 300 |
_as. 132 : _brys., tab. |
||
| 490 | 1 |
_aPrace Nauk. Inst. Techn. Nieorgan. i Nawozów Mineral. / Polit. Wrocł. ; _vNr 9 |
|
| 500 | _a[Streszcz. w jęz. ang. i ros.]. | ||
| 504 | _a[Zawiera bibliogr. s. 119-131]. | ||
| 700 | 1 | _aSEWERYNIAK, Mieczysław | |
| 830 | 0 |
_aPrace Nauk. Inst. Techn. Nieorgan. i Nawozów Mineral. (Polit. Wrocł.) ; _vNr 9 |
|
| 040 | _cBPK | ||
| 041 | _apol | ||
| 080 | _a662.7:541.1 | ||
| 942 | _cKS | ||
| 008 | s pl f |000 0 pol | ||
| 999 |
_c16435 _d16435 |
||
| 856 |
_uhttp://koha.tu.koszalin.pl/cgi-bin/koha/opac-detail.pl?biblionumber=16435 _yKatalog online BPK |
||